Gradient inequalities : with applications to asymptotic behavior and stability of gradient-like systems
Saved in:
| Main Author: | |
|---|---|
| Format: | Book |
| Language: | English |
| Published: |
Providence, RI :
American Mathematical Society,
c2006
|
| Series: | Mathematical surveys and monographs ;
; 126 |
| Subjects: | |
| Tags: |
Add Tag
No Tags, Be the first to tag this record!
|
MARC
| LEADER | 00000nam a2200000 i 4500 | ||
|---|---|---|---|
| 001 | 1/59552 | ||
| 008 | 071019s2006 eng d | ||
| 020 | |a 0-8218-4070-3 | ||
| 035 | |l 10091678 | ||
| 040 | |a GR-MY-UA |b gre |e aacr | ||
| 041 | 0 | |a eng | |
| 082 | 0 | |a 515.64 |2 (22) | |
| 100 | 1 | |a Huang, Sen-Zhong |d 1962- | |
| 245 | 1 | 0 | |a Gradient inequalities : |b with applications to asymptotic behavior and stability of gradient-like systems / |c Sen-Zhong Huang |
| 260 | |a Providence, RI : |b American Mathematical Society, |c c2006 | ||
| 300 | |a viii, 184 σ.; |b εικ.; |c 26 εκ. | ||
| 490 | 1 | |a Mathematical surveys and monographs |v ; 126 | |
| 504 | |a Περιλαμβάνει βιβλιογραφικές παραπομπές και ευρετήριο. | ||
| 650 | 0 | 0 | |a Topological dynamics. |
| 650 | 0 | 0 | |a Differential equations |x Asymptotic theory. |
| 650 | 0 | 0 | |a Variational inequalities (Mathematics) |
| 650 | 0 | 0 | |a Calculus of variations. |
| 830 | 0 | |a Mathematical surveys and monographs ; |v ; 126 | |
| 852 | |a INST |b SAMOS |e 20071019 |h 515.64 HUA |p 005300028077 |q 005300028077 |t BK |y 0 | ||
| 901 | |a BIBL3-2007-3 | ||
| 909 | |a Σ |b 139402 | ||
| 922 | |a 3ΕΛΗ |b 200907 |c ΕΠΕΑΕΚ2/ΤΜΗΜΑ ΜΑΘΗΜΑΤΙΚΩΝ |d ΠΑΠΑΣΩΤΗΡΙΟΥ | ||
| 970 | |a ΣΙΤΖΙΜΗ |b ΓΙΑΣΕΜΗ |z 2007/10/19 | ||